| 000 | 00808cab a2200253 4500 | ||
|---|---|---|---|
| 001 | ABS53446 | ||
| 008 | 090401t1995 xxu||||| |||| 00| 0 eng d | ||
| 035 | _a(Sirsi) u4252 | ||
| 041 | _aeng | ||
| 100 | _aCrossley-Smith, T. | ||
| 245 | _aShould lenders ask a higher price for loss of privity? | ||
| 260 | _c1995 | ||
| 350 | _a0 | ||
| 490 |
_aProperty Week _v52(9) 31 August 1995, 32(1) |
||
| 520 | _aDiscusses the Landlord and Tenant (Covenants) Act 1995 and the implications for the valuer of the removal of privity of contract. | ||
| 650 | _aLANDLORD AND TENANT (COVENANTS) ACT 1995 | ||
| 650 | _aLOSS OF PRIVITY | ||
| 650 | _aPRIVITY OF CONTRACT | ||
| 650 |
_aValuation _96273 |
||
| 650 | _aVALUERS | ||
| 690 | _aLANDLORD AND TENANT-BUSINESS TENANCIES | ||
| 942 | _n0 | ||
| 948 | _c04/03/1997 | ||
| 999 |
_c2548 _d2548 |
||